• 首页
  • 本馆介绍
  • 公告通知
  • 最新文献
  • 馆藏检索
  • 电子资源
  • 读者导购
  • 参考咨询
  • 我的图书馆
  • 登录
  • 详细信息显示
  • 放入我的书架
  • 预约/预借图书
  • 作者相关作品
  • 分类相关作品
  • 丛书相关作品
  • 出版社相关作品

书目信息

  • 表格格式
  • 工作单格式
  • 卡片格式
题名:
干熄焦生产操作与设备维护
    
 
作者: 罗时政 , 乔继军 , 张丙林 主编
分册:  
出版信息: 北京   冶金工业出版社  2009
页数: 13,449页
开本: 26cm
丛书名:
单 册:
中图分类: TQ522.16 , TQ520.5
科图分类:
主题词: 干熄焦--生产工艺--职业教育--教材 , 干熄焦装置--维修--职业教育--教材 , 干熄焦 , 干熄焦装置
电子资源:
ISBN: 978-7-5024-5015-1
000 01163nam0 2200313 45
001 1355440046
005 20130513151533.40
010    @a978-7-5024-5015-1@dCNY70.00
100    @a20130108d2009 em y0chiy0110 ea
101 0  @achi
102    @aCN@b110000
105    @aa z 000yy
106    @ar
200 1  @a干熄焦生产操作与设备维护@AGan Xi Jiao Sheng Chan Cao Zuo Yu She Bei Wei Hu@f罗时政,乔继军,张丙林主编@FLuo Shi Zheng, Qiao Ji Jun, Zhang Bing Lin Zhu Bian
210    @a北京@c冶金工业出版社@d2009
215    @a13,449页@c图@d26cm
300    @a冶金行业职业教育培训规划教材
330    @a本书介绍了干熄焦生产工艺、技术经济指标、工程设计依据,详细介绍了与之配套的干熄焦设备、锅炉设备、应急操作和安全知识等内容,以及生产中常见故障的预防手段与处理方法。
606 0  @a干熄焦@x生产工艺@x职业教育@j教材
606 0  @a干熄焦装置@x维修@x职业教育@j教材
606 0  @a干熄焦
606 0  @a干熄焦装置
690    @aTQ522.16@v5
690    @aTQ520.5@v5
701  0 @a罗时政@ALuo Shi Zheng@4主编
701  0 @a乔继军@AQiao Ji Jun@4主编
701  0 @a张丙林@AZhang Bing Lin@4主编
801    @aCN@bTANGWEI@c20130111
905    @b0831415-17@dTQ522.16@e39@f3
    
    干熄焦生产操作与设备维护/罗时政,乔继军,张丙林主编.-北京:冶金工业出版社,2009
    13,449页:图;26cm
    冶金行业职业教育培训规划教材
    
    ISBN 978-7-5024-5015-1:CNY70.00
    本书介绍了干熄焦生产工艺、技术经济指标、工程设计依据,详细介绍了与之配套的干熄焦设备、锅炉设备、应急操作和安全知识等内容,以及生产中常见故障的预防手段与处理方法。
●
相关链接 在E读中查询图书 在五车中查询图书 在当当中查询图书 在豆瓣中查询图书


正题名:干熄焦生产操作与设备维护     索取号:TQ522.16/39         预约/预借

序号 登录号 条形码 馆藏地/架位号 状态 备注
1 0831415   208314153   第二样本阅览室/ [索取号:TQ522.16/39] 在馆    
2 0831416   208314162   第三借阅区/ [索取号:TQ522.16/39] 在馆    
3 0831417   208314171   第三借阅区/ [索取号:TQ522.16/39] 在馆    
唐山师范学院图书馆 欢迎您!
大连网信软件有限公司© 版权所有